| 000 | 00437nam a2200181Ia 4500 | ||
|---|---|---|---|
| 003 | OSt | ||
| 005 | 20240315145035.0 | ||
| 008 | 210210b1948 xxu||||| |||| 00| 0 eng d | ||
| 040 | _cAL | ||
| 041 | _aeng | ||
| 082 | _a824/162 | ||
| 100 |
_aHODGES (C W) _9154698 |
||
| 245 | _aShakespeare and the players | ||
| 260 |
_aLondon _bErnest Benn Limited _c1948 |
||
| 690 |
_aEnglish Criticism _9154703 |
||
| 906 | _a014115 | ||
| 942 |
_2ddc _cBK |
||
| 999 |
_c133213 _d133213 |
||